000 00556ntaaa2200217 4500
003 01
005 20251027202637.0
008 0714s1973 ag 01
040 _aAR-BaBN
_bspa
_cAR-BaBN
_eaacr
_dRIC
082 _a372.2400 C81t
100 _aCortiza Vidal, Elvira
_925840
245 _aActividades educativas completarias
250 _a1 ed.
260 _aBuenos Aires :
_bLa Obra,
_c1965
300 _a124 p
650 _amanualidades
650 _ahuerta
_925842
650 _abibliotecas
_94857
650 _amaterial didactico
_925843
942 _cBK
999 _c21599
_d21599